Score 0/35 Timer 08:00
1 Play Today
% Correct
Marge
91%
Wilma
88.8%
Morticia
87.9%
Lois
86.6%
Jane
82.8%
Betty
80.5%
Kanga
80.1%
Malory
75.2%
Peggy
74.8%
Agnes
72.5%
Judy
68.9%
Marianne
68.5%
Linda
67.9%
Ann
66.9%
Dexter's Mom
65.9%
Donna
65.4%
Spider
65.3%
Francine
64.2%
% Correct
Didi
64%
Funnie
60.2%
Charlotte
59.8%
Timmy's Mom
59.1%
Momma
57.8%
Sheila
57.5%
Liane
57.4%
Delia
57%
Sharon
54.4%
Maddi
46.6%
Beth
46.4%
Betty
44.5%
Miriam
44%
Helen
43.5%
Gladys
42.5%
Wolfe
41.5%
Peg
39.9%
Remove Ads.
Support Sporcle.
Get the best of Sporcle when you Go Orange. This ad-free experience offers more features, more stats, and more fun while also helping to support Sporcle. Thank you for becoming a member.

You're not logged in!

Compare scores with friends on all Sporcle quizzes.
OR
Log In

Sporcle TV

Today on Sporcle TV


Watch our educational content, quiz creation guides, and fun videos on Sporcle TV.

Show Comments

Extras

Top Quizzes Today


Score Distribution

Paid Content

Your Account Isn't Verified!

In order to create a playlist on Sporcle, you need to verify the email address you used during registration. Go to your Sporcle Settings to finish the process.

Report this User

Report this user for behavior that violates our Community Guidelines.

Details: